[Event "2016 Standard Chess Dropout Tournament, Round 1"]
[Site "SchemingMind.com"]
[Date "2015.11.15"]
[Round "1"]
[White "emvarela"]
[Black "Gerrish Gray"]
[Result "0-1"]
[WhiteCountry "ARG"]
[BlackCountry "ENG"]
[WhiteElo "1658"]
[WhiteRD "48"]
[BlackElo "2193"]
[BlackRD "99"]
[GameID "390043"]

1. e4 e6 2. d4 d5 3. Nc3 Bb4 4. e5 c5 5. a3 Bxc3+ 6. bxc3 Qa5 7. Bd2 Qa4 8. Nf3 b6 9. Qb1 Ba6 10. Qb3 Qd7
11. Bxa6 Nxa6 12. O-O c4 13. Qb2 Nb8 14. a4 Ne7 15. Qb5 Nbc6 16. g3 h6 17. Rfb1 Nc8 18. Nh4 O-O 19. f4 a6 20. Qb2 Rb8
21. Qc1 N8e7 22. g4 Ng6 23. Nxg6 fxg6 24. g5 hxg5 25. fxg5 Rf3 26. Be3 Qf7 27. Qd2 Rf8 28. Qe2 Qf5 29. Re1 Qh3 30. Kh1 Rxe3
31. Qxe3 Rf1+
0-1

[Event "2016 Standard Chess Dropout Tournament, Round 1"]
[Site "SchemingMind.com"]
[Date "2015.11.10"]
[Round "1"]
[White "Erik Johnson"]
[Black "Abstract Actuary"]
[Result "0-1"]
[WhiteCountry "USA"]
[BlackCountry "USA"]
[WhiteElo "1618"]
[WhiteRD "63"]
[BlackElo "1891"]
[BlackRD "68"]
[GameID "390044"]

1. e4 e5 2. Nf3 Nf6 3. Nxe5 d6 4. Nf3 Nxe4 5. d4 d5 6. Bd3 Bd6 7. Nbd2 Nxd2 8. Bxd2 O-O 9. Ng5 h6 10. Qh5 Nd7
11. Bh7+ Kh8 12. Nxf7+ Rxf7 13. Qxf7 Kxh7 14. Qf5+ Kh8 15. Qxd5 Nf6 16. Qc4 Qe7+ 17. Be3 Ng4 18. O-O-O Nxe3 19. fxe3 Qxe3+ 20. Kb1 Bf5
21. Qb5 Qe4 22. Qb3 Qxg2 23. Rdg1 Qc6 24. h4 Re8 25. Ka1 Bxc2 26. Qf7 Re7 27. Qf8+ Kh7 28. Qf2 Be4 29. Rh3 Qd5 30. Re3 Qxd4
31. Qe2 Bc5 32. Rgg3 Bd3 33. Rg4 Qxe3 34. Qxe3 Rxe3 35. Rg1 Re2 36. Rh1 Bd4
0-1

[Event "2016 Standard Chess Dropout Tournament, Round 1"]
[Site "SchemingMind.com"]
[Date "2015.11.10"]
[Round "1"]
[White "felixkronlage"]
[Black "CapuzziG"]
[Result "0-1"]
[WhiteCountry "GER"]
[BlackCountry "ITA"]
[WhiteElo "1330"]
[WhiteRD "76"]
[BlackElo "1873"]
[BlackRD "81"]
[GameID "390045"]

1. c4 b6 2. d3 Bb7 3. e4 c5 4. Nf3 e6 5. Be2 d5 6. Qa4+ Nd7 7. Bg5 Be7 8. h4 h6 9. Bxe7 Nxe7 10. Ne5 Bc8
11. cxd5 O-O 12. Nc6 Qe8 13. Nxa7 exd5 14. Nc3 Bb7 15. Bf3 Nf6 16. Qxe8 Rfxe8 17. Nab5 Rac8 18. exd5 Nexd5+ 19. Ne4 Rcd8 20. O-O-O Ba8
21. Nxf6+ gxf6 22. Bh5 Re7 23. Rde1 Red7 24. Nc3 Nf4 25. g4 Bxh1 26. Rxh1 Nxd3+ 27. Kc2 Nxf2 28. Rf1 Rd2+ 29. Kb3 Kg7 30. Nb1 R2d3+
31. Ka4 Ne4 32. Nc3 Nxc3+ 33. bxc3 Rxc3 34. g5 hxg5 35. Rf3 Rc4+ 36. Kb3 Rxh4
0-1

[Event "2016 Standard Chess Dropout Tournament, Round 1"]
[Site "SchemingMind.com"]
[Date "2015.11.11"]
[Round "1"]
[White "flammablepawn"]
[Black "Andrea Carra"]
[Result "0-1"]
[WhiteCountry "USA"]
[BlackCountry "ITA"]
[WhiteElo "1905"]
[WhiteRD "96"]
[BlackElo "2049"]
[BlackRD "123"]
[GameID "390046"]

1. b4 e5 2. Bb2 Bxb4 3. Bxe5 Nf6 4. c4 O-O 5. Nf3 Re8 6. e3 c5 7. Be2 Nc6 8. Bb2 d5 9. O-O Bg4 10. cxd5 Nxd5
11. Nc3 Nf6 12. Re1 a6 13. a3 Ba5 14. Rb1 b5 15. h3 Bh5 16. Nh2 Bg6 17. Rc1 Ra7 18. Bf3 Ne5 19. Be2 Rd7 20. Qb3 c4
21. Qa2 Re6 22. Nf1 Nd3 23. Bxd3 Bxd3 24. Red1 Ng4 25. hxg4 Qh4 26. g3 Qxg4
0-1

[Event "2016 Standard Chess Dropout Tournament, Round 1"]
[Site "SchemingMind.com"]
[Date "2015.11.15"]
[Round "1"]
[White "fouche"]
[Black "paulby"]
[Result "0-1"]
[WhiteCountry "COL"]
[BlackCountry "ENG"]
[WhiteElo "1608"]
[WhiteRD "64"]
[BlackElo "1664"]
[BlackRD "88"]
[GameID "390047"]

1. e4 e6 2. d4 d5 3. Nc3 dxe4 4. Nxe4 Bd7 5. Nf3 Bc6 6. Bd3 Nd7 7. O-O Ngf6 8. Re1 Be7 9. c4 h6 10. a3 O-O
11. b4 Bxe4 12. Bxe4 Nxe4 13. Rxe4 Nf6 14. Re1 c6 15. h3 Qc7 16. Bb2 Rfe8 17. Rc1 Rad8 18. Ne5 Nd7 19. Qg4 Nxe5 20. dxe5 Bg5
21. Rc2 a6 22. f4 Be7 23. f5 Bf8 24. f6 g6 25. h4 h5 26. Qg3 Kh7 27. c5 Bh6 28. Kh1 Rd5 29. Bc1 Bxc1 30. Rcxc1 Red8
31. Qf3 Rd3 32. Qf4 Rxa3 33. Rcd1 Ra4 34. Rd6 a5 35. Rb1 b6 36. Qd2 Rxd6 37. exd6 Qd8 38. bxa5 bxc5 39. Rb6 Rxh4+ 40. Kg1 Rd4
41. Qg5 Rxd6 42. Qxc5 Rd1+ 43. Kh2 Qc7+ 44. g3 Rd3 45. Qf2 Qd8 46. a6 Rd2 47. Qxd2 Qxd2+ 48. Kh3 Qa5 49. Rxc6 e5 50. Rd6 Kh6
51. Kg2 Kg5 52. Kf3 Qa3+
0-1

[Event "2016 Standard Chess Dropout Tournament, Round 1"]
[Site "SchemingMind.com"]
[Date "2015.11.15"]
[Round "1"]
[White "frankly"]
[Black "buddhastalin"]
[Result "1-0"]
[WhiteCountry "ENG"]
[BlackCountry "USA"]
[WhiteElo "2443"]
[WhiteRD "54"]
[BlackElo "1703"]
[BlackRD "69"]
[GameID "390048"]

1. d4 Nf6 2. Nf3 e6 3. c4 Bb4+ 4. Bd2 Qe7 5. g3 Nc6 6. Nc3 O-O 7. Bg2 Bxc3 8. Bxc3 Ne4 9. Rc1 Nxc3 10. Rxc3 d6
11. O-O e5 12. Re3 e4 13. d5 Nb4 14. a3 Na6 15. Nd4 Nc5 16. b4 Nd7 17. Bxe4 Qf6 18. c5 dxc5 19. bxc5 Nxc5 20. Bxh7+ Kxh7
21. Qc2+ Kg8 22. Qxc5 Qb6 23. Rc1 Qxc5 24. Rxc5
1-0

[Event "2016 Standard Chess Dropout Tournament, Round 1"]
[Site "SchemingMind.com"]
[Date "2015.11.11"]
[Round "1"]
[White "FransEvers"]
[Black "berns"]
[Result "1-0"]
[WhiteCountry "NED"]
[BlackCountry "ENG"]
[WhiteElo "1916"]
[WhiteRD "122"]
[BlackElo "1624"]
[BlackRD "81"]
[GameID "390049"]

1. e4 c5 2. Nf3 e6 3. d4 cxd4 4. Nxd4 Nf6 5. Nc3 d6 6. g4 e5 7. Bb5+ Bd7 8. Bxd7+ Nbxd7 9. Nf5 Nc5 10. Nb5 Nfxe4
11. f3 a6 12. fxe4 axb5 13. Qd5 Ra4 14. Be3 g6 15. O-O-O gxf5 16. Bxc5 b6 17. Qc6+ Qd7 18. Qxb6 Bh6+ 19. Kb1 O-O 20. Rxd6 Qc8
21. Rxh6 Qa8 22. Bxf8 Rxa2 23. Ba3 Rxa3 24. bxa3 Qxa3 25. Qxb5
1-0

[Event "2016 Standard Chess Dropout Tournament, Round 1"]
[Site "SchemingMind.com"]
[Date "2015.11.10"]
[Round "1"]
[White "fu_manchu"]
[Black "Gagar"]
[Result "1-0"]
[WhiteCountry "CAN"]
[BlackCountry "ENG"]
[WhiteElo "1844"]
[WhiteRD "74"]
[BlackElo "1582"]
[BlackRD "98"]
[GameID "390050"]

1. d4 Nf6 2. c4 e6 3. Nf3 Bb4+ 4. Nc3 Ne4 5. Qb3 Nxf2 6. Kxf2 Be7 7. e4 O-O 8. Bd3 c5 9. Rf1 cxd4 10. Nxd4 e5
11. Nf3 Bc5+ 12. Be3 Bxe3+ 13. Kxe3 d6 14. Kf2 b6 15. Kg1 Be6 16. Rad1 Nc6 17. Be2 Bg4 18. Nb5 Nd4 19. Nbxd4 exd4 20. Rxd4 Qe7
21. e5 Bxf3 22. Bxf3 dxe5 23. Bxa8 Qc5 24. Bd5 exd4 25. Kh1 a5 26. Qg3 Qe7 27. a3 a4 28. Qf2 d3 29. Re1 Qd8 30. Qd4 Qf6
31. Qxd3 Qxb2 32. Qf3 g5 33. Qg3 Qf6 34. h4 h6 35. hxg5 hxg5 36. Re5 Qh6+ 37. Kg1 Kh8 38. Rxg5 Qh7 39. Be4 Qh6 40. Bf3 b5
41. Rh5 Qxh5 42. Bxh5 bxc4 43. Qc3+ f6 44. Qxc4 Ra8 45. Qc6 Rf8 46. Qd6 Kg8 47. Bg4 Kg7 48. Be6 Rf7 49. Bd5 f5 50. Bxf7 Kxf7
51. Qf4 Kf6 52. g4 Ke6 53. Qxf5+ Ke7 54. g5
1-0

[Event "2016 Standard Chess Dropout Tournament, Round 1"]
[Site "SchemingMind.com"]
[Date "2015.11.15"]
[Round "1"]
[White "gabeeg"]
[Black "shg"]
[Result "1/2-1/2"]
[WhiteCountry "USA"]
[BlackCountry "POL"]
[WhiteElo "2245"]
[WhiteRD "99"]
[BlackElo "2375"]
[BlackRD "93"]
[GameID "390051"]

1. Nf3 d5 2. c4 d4 3. e3 c5 4. b4 Nf6 5. b5 dxe3 6. dxe3 Qxd1+ 7. Kxd1 Bf5 8. Bb2 Nbd7 9. Nbd2 h6 10. a4 e6
11. h3 O-O-O 12. g4 Bh7 13. a5 Be7 14. Bg2 Ne8 15. Ke2 Bf6 16. Bxf6 gxf6 17. Rhd1 f5 18. Nb3 fxg4 19. hxg4 Nef6 20. b6 a6
21. g5 hxg5 22. Nxg5 Bc2 23. Nxf7 Bxb3 24. Rdc1 Rdg8 25. Nxh8 Rxg2 26. Nf7 Ne8 27. Ra3 Rg7 28. Nh6 Bc2= 29. Rxc2 Rg6 30. Nf7=
1/2-1/2

[Event "2016 Standard Chess Dropout Tournament, Round 1"]
[Site "SchemingMind.com"]
[Date "2015.11.11"]
[Round "1"]
[White "Gagar"]
[Black "ampp"]
[Result "1-0"]
[WhiteCountry "ENG"]
[BlackCountry "POR"]
[WhiteElo "1583"]
[WhiteRD "97"]
[BlackElo "1471"]
[BlackRD "86"]
[GameID "390052"]

1. e4 e5 2. Nf3 Nc6 3. Nc3 Nf6 4. d3 d6 5. Ng5 h6 6. Nxf7 Kxf7 7. Be2 Nd4 8. Bh5+ g6 9. Be2 Nxe2 10. Qxe2 Bg4
11. Qe3 c6 12. O-O Bg7 13. f3 Be6 14. Qf2 Qe7 15. b3 b6 16. Ne2 d5 17. d4 exd4 18. Nxd4 Qc5 19. e5 Ne8 20. Be3 Bxe5
21. Nxe6 Qd6 22. Nd4 c5 23. f4 Bxd4 24. Bxd4 cxd4 25. Qxd4 Nf6 26. g3 Rhe8 27. Kg2 Re2+ 28. Rf2 Re4 29. Qd2 Ng4 30. Re2 Qe6
31. Rae1 Re8 32. Rxe4 dxe4 33. c4 e3 34. Qe2 Qe4+ 35. Qf3 Qc2+ 36. Re2 Qf5 37. h3 Nf6 38. g4 Qe4 39. Qxe4 Rxe4 40. g5 hxg5
41. fxg5 Nh5 42. Kf3 Re5 43. h4 Ng7 44. Rxe3 Rf5+ 45. Kg3 Ne6 46. Rd3 a6 47. Rd7+ Ke8 48. Rd6 Re5 49. Rxb6 a5 50. a4 Kf7
51. Rb7+ Ke8 52. Rb8+ Kd7 53. Rb7+ Nc7 54. Kf4 Re6 55. Ra7 Rb6 56. Rxa5 Rxb3 57. c5 Rc3 58. Ke5 Rh3 59. Kf6 Rxh4 60. Kxg6 Ne6
61. Ra7+ Kc6 62. Kf5 Nxc5 63. a5 Rh8 64. g6 Nd7 65. g7 Rb8 66. a6 Rg8 67. Kg6 Nf8+ 68. Kf7
1-0

[Event "2016 Standard Chess Dropout Tournament, Round 1"]
[Site "SchemingMind.com"]
[Date "2015.11.11"]
[Round "1"]
[White "GBEDARD"]
[Black "Roger Martindale"]
[Result "1-0"]
[WhiteCountry "USA"]
[BlackCountry "USA"]
[WhiteElo "2029"]
[WhiteRD "64"]
[BlackElo "1281"]
[BlackRD "88"]
[GameID "390053"]

1. e4 e5 2. Nf3 d6 3. d4 a6 4. Bc4 h6 5. dxe5 Nc6 6. Bf4 Be7 7. Nc3 b5 8. Bxf7+ Kxf7 9. Qd5+ Kg6 10. exd6 Bb7
11. Qf5#
1-0

[Event "2016 Standard Chess Dropout Tournament, Round 1"]
[Site "SchemingMind.com"]
[Date "2015.11.11"]
[Round "1"]
[White "Gerrish Gray"]
[Black "Brian Pott"]
[Result "1/2-1/2"]
[WhiteCountry "ENG"]
[BlackCountry "AUS"]
[WhiteElo "2179"]
[WhiteRD "111"]
[BlackElo "2241"]
[BlackRD "82"]
[GameID "390054"]

1. d4 Nf6 2. c4 g6 3. Nc3 Bg7 4. e4 d6 5. Nf3 O-O 6. Be2 e5 7. d5 Nbd7 8. Be3 Ng4 9. Bd2 f5 10. Ng5 Nc5
11. O-O a5 12. exf5 gxf5 13. f3 f4 14. Nge4 Nxe4 15. Nxe4 Ne3 16. Bxe3 fxe3 17. Qb3 Bh6 18. c5 Bf5 19. g3 b6 20. cxd6 cxd6
21. Qa3 Bxe4 22. fxe4 Qc7 23. Qc3 Qc5 24. Qxc5 bxc5 25. a4 Rab8 26. Rxf8+ Kxf8 27. Bb5 Kg7 28. b3 Rf8 29. Rf1 e2 30. Bxe2 Be3+
31. Kg2 Rxf1= 32. Kxf1 Kg6 33. Ba6 h6 34. Ke2 Bg1 35. Kf3 Kf6 36. h3 Bd4 37. Ke2 Bc3 38. Kd3 Be1 39. g4 Bb4 40. Kc4 Kg5
41. Bc8 Kf4 42. Bf5 Kg3 43. Kb5 Bc3 44. Kc6 Bb4 45. Kd7=
1/2-1/2

[Event "2016 Standard Chess Dropout Tournament, Round 1"]
[Site "SchemingMind.com"]
[Date "2015.11.11"]
[Round "1"]
[White "Glenn O'Brien"]
[Black "chesshub"]
[Result "1/2-1/2"]
[WhiteCountry "AUS"]
[BlackCountry "FRA"]
[WhiteElo "2015"]
[WhiteRD "74"]
[BlackElo "2548"]
[BlackRD "75"]
[GameID "390055"]

1. e4 e5 2. Nf3 Nc6 3. Bb5 a6 4. Ba4 Nf6 5. O-O Be7 6. Re1 b5 7. Bb3 d6 8. c3 O-O 9. h3 Na5 10. Bc2 c5
11. d4 Qc7 12. Nbd2 cxd4 13. cxd4 Nc6 14. Nb3 a5 15. Be3 a4 16. Nbd2 Bd7 17. Rc1 Qb7 18. Qe2 Rfe8 19. Bd3 Rab8 20. dxe5 Nxe5
21. Nxe5 dxe5 22. Bc5 Be6 23. Bxe7 Qxe7 24. Bxb5 Red8 25. Nf3 Nh5 26. g3 Bxa2 27. Bc4 Bb3 28. Rc3 Bxc4 29. Rxc4 a3 30. bxa3 Qxa3
31. Kg2 Rb2 32. Rd1 Re8 33. Rd2 Rxd2 34. Qxd2 Nf6 35. Ng5 h6 36. Nf3 Qb3 37. Qb4 Qxb4 38. Rxb4 Nd7 39. Rc4 Nf8 40. Ne1 Ne6
41. Nd3 f6 42. f4 Rd8 43. f5 Nd4 44. Nc5 h5 45. Ne6 Nxe6 46. fxe6 g6 47. g4 hxg4 48. hxg4 g5 49. Rc1 Re8 50. Rc6 Kf8
51. Kf3 Ke7 52. Rc1 Kxe6 53. Rd1 Rb8 54. Ke3 Rb3+ 55. Kf2 Rc3 56. Rb1 Rc6 57. Rb8 Rc4 58. Rb6+ Kf7= 59. Ke3 Ke7 60. Rb8 Rc3+
61. Kf2 Rc6= 62. Ke3 Kd6 63. Rd8+ Kc5 64. Rd5+ Kc4 65. Rd8 Kb5 66. Rd5+ Kb4 67. Rd7 Rb6 68. Rd8 Kc5= 69. Rc8+ Kb5 70. Rc7 Rc6
71. Rd7 Kb4 72. Kf3 Kc3 73. Ke3 Kb3 74. Kf2 Kc2 75. Ke2 Rb6 76. Rd8 Kc3 77. Rd5 Kc4 78. Rd8 Kc5 79. Rd5+ Kb4 80. Rd1 Ra6
81. Ke3=
1/2-1/2

[Event "2016 Standard Chess Dropout Tournament, Round 1"]
[Site "SchemingMind.com"]
[Date "2015.11.11"]
[Round "1"]
[White "Helga1946"]
[Black "kenneth m day"]
[Result "1-0"]
[WhiteCountry "GER"]
[BlackCountry "USA"]
[WhiteElo "2250"]
[WhiteRD "71"]
[BlackElo "1713"]
[BlackRD "53"]
[GameID "390056"]

1. e4 e5 2. Nf3 Nc6 3. Bb5 Nf6 4. O-O Nxe4 5. d4 Nd6 6. Bxc6 dxc6 7. dxe5 Nf5 8. Qxd8+ Kxd8 9. Nc3 Bb4 10. Rd1+ Bd7
11. g4 Ne7 12. e6 fxe6 13. Ne5 Nd5 14. Ne4 Ke7 15. Bg5+ Nf6 16. Rxd7+ Ke8 17. Bxf6 gxf6 18. Nxf6+
1-0

[Event "2016 Standard Chess Dropout Tournament, Round 1"]
[Site "SchemingMind.com"]
[Date "2015.11.10"]
[Round "1"]
[White "Holty"]
[Black "William Lindberg"]
[Result "0-1"]
[WhiteCountry "ENG"]
[BlackCountry "USA"]
[WhiteElo "1714"]
[WhiteRD "70"]
[BlackElo "2270"]
[BlackRD "67"]
[GameID "390057"]

1. d4 Nf6 2. Nf3 d5 3. e3 c5 4. b3 Nc6 5. Bb2 Bg4 6. Be2 e6 7. h3 Bxf3 8. Bxf3 cxd4 9. exd4 Qa5+ 10. Qd2 Qxd2+
11. Kxd2 Rc8 12. c3 Bd6 13. Na3 O-O 14. Ke2 e5 15. g3 Bxa3 16. Bxa3 Rfe8 17. dxe5 Nxe5 18. Bg2 Nc4+ 19. Kf1 Nxa3 20. Rd1 Red8
21. Rc1 Nb5 22. c4 b6 23. Ke2 dxc4 24. Rxc4 Nc3+ 25. Kf3 Rd3+ 26. Kf4 Ne2+ 27. Kg5 h6+
0-1

[Event "2016 Standard Chess Dropout Tournament, Round 1"]
[Site "SchemingMind.com"]
[Date "2015.11.10"]
[Round "1"]
[White "John Hamer"]
[Black "Sahajaxx"]
[Result "1/2-1/2"]
[WhiteCountry "ENG"]
[BlackCountry "ENG"]
[WhiteElo "2050"]
[WhiteRD "60"]
[BlackElo "2256"]
[BlackRD "90"]
[GameID "390058"]

1. d4 Nf6 2. c4 e6 3. Nc3 Bb4 4. Nf3 O-O 5. e3 c5 6. Bd3 d5 7. O-O dxc4 8. Bxc4 cxd4 9. exd4 a6 10. a4 Nc6
11. Qd3 h6 12. Bf4 Be7 13. Rfe1 Qa5 14. Rad1 Rd8 15. Qe3 Qb6 16. d5 Bc5 17. Qe2 exd5 18. Nxd5 Nxd5 19. Bxd5 Bf5 20. Nh4 Bh7
21. Bg3 Nd4 22. Qc4 Rxd5 23. Qxd5 Bc2 24. Rc1 Qxb2 25. Be5 Qb4 26. Nf3 Nxf3+ 27. Qxf3 Rc8 28. a5 Bf8 29. Qd5 Bb3 30. Qd3 Be6
31. Bc3 Qb5 32. Qg3 Bd7 33. Rb1 Qd5 34. Rbd1 Qb5 35. Re5 Qb3 36. Rc1 Qa3 37. Ree1 Rc5 38. f4 Bc6 39. Kh1 Rc4 40. Red1 f6
41. Qe3 Re4 42. Qd2 Qa4 43. Rf1 Bc5 44. Rf3 Bb4 45. Bxb4 Rxb4 46. Qd8+ Kh7 47. Rg3=
1/2-1/2

[Event "2016 Standard Chess Dropout Tournament, Round 1"]
[Site "SchemingMind.com"]
[Date "2015.11.10"]
[Round "1"]
[White "jbgood"]
[Black "Quaff"]
[Result "0-1"]
[WhiteCountry "CAN"]
[BlackCountry "ENG"]
[WhiteElo "1729"]
[WhiteRD "69"]
[BlackElo "1657"]
[BlackRD "73"]
[GameID "390059"]

1. e4 e5 2. Nf3 Nc6 3. Bb5 d6 4. d4 exd4 5. Bg5 Be7 6. Bxe7 Nxe7 7. Qxd4 Bd7 8. Qxg7 Ng6 9. Nc3 Qe7 10. Nd5 Qxe4+
11. Ne3 Qb4+ 12. c3 Qxb5 13. Rd1 Be6 14. Nh4 O-O-O 15. Nxg6 hxg6 16. b3 Qe5 17. Qxe5 Nxe5 18. Rd4 f5 19. c4 f4 20. Rxf4 Nd3+
0-1

[Event "2016 Standard Chess Dropout Tournament, Round 1"]
[Site "SchemingMind.com"]
[Date "2015.11.13"]
[Round "1"]
[White "Jari Laine"]
[Black "Aba"]
[Result "1-0"]
[WhiteCountry "FIN"]
[BlackCountry "ISR"]
[WhiteElo "2277"]
[WhiteRD "90"]
[BlackElo "1732"]
[BlackRD "69"]
[GameID "390060"]

1. e4 e5 2. Bc4 c6 3. Qh5 Qf6 4. Nf3 b5 5. Bb3 d6 6. d4 g6 7. dxe5 gxh5 8. exf6 h6 9. O-O Nxf6 10. e5 Nd5
11. Bxd5 cxd5 12. Nc3 Ba6 13. Nxd5 Kd7 14. Bf4 Nc6 15. Rad1 Rd8 16. Nf6+ Ke6 17. Nxh5 d5 18. Rfe1 Bb7 19. Bg3 Rg8 20. Nf4+ Kf5
21. Nxd5 Bg7 22. Bh4 Nxe5 23. Ne7+ Ke6 24. Nxe5 Bxe5 25. Nxg8 Rxg8 26. Bg3 Rg5 27. f4
1-0

[Event "2016 Standard Chess Dropout Tournament, Round 1"]
[Site "SchemingMind.com"]
[Date "2015.11.15"]
[Round "1"]
[White "Sebastian Strauchler"]
[Black "Stephen Woodhouse"]
[Result "1-0"]
[WhiteCountry "ARG"]
[BlackCountry "ENG"]
[WhiteElo "2263"]
[WhiteRD "117"]
[BlackElo "1935"]
[BlackRD "50"]
[GameID "390061"]

1. e4 e6 2. d4 d5 3. Nd2 c5 4. Ngf3 cxd4 5. Nxd4 Nf6 6. exd5 Qxd5 7. Nb5 Na6 8. Nc3 Qd6 9. Qf3 Be7 10. Nc4 Qd8
11. Ne5 O-O 12. Bxa6
1-0

[Event "2016 Standard Chess Dropout Tournament, Round 1"]
[Site "SchemingMind.com"]
[Date "2015.11.14"]
[Round "1"]
[White "Karsten Kjeldsen"]
[Black "Udo Sprang"]
[Result "1/2-1/2"]
[WhiteCountry "DEN"]
[BlackCountry "NED"]
[WhiteElo "2274"]
[WhiteRD "106"]
[BlackElo "2017"]
[BlackRD "129"]
[GameID "390063"]

1. d4 Nf6 2. Nf3 g6 3. c4 Bg7 4. Nc3 d5 5. Bg5 Ne4 6. cxd5 Nxg5 7. Nxg5 e6 8. Qd2 h6 9. Nh3 exd5 10. Nf4 O-O
11. e3 c5 12. dxc5 d4 13. exd4 Qxd4 14. Qxd4 Bxd4 15. Nfd5 Nc6 16. O-O-O Bf5 17. Ne7+ Nxe7 18. Rxd4 Rac8 19. Na4 Nc6 20. Rd6 Rfd8
21. Rxd8+ Nxd8 22. Bc4 Nc6 23. Rd1 Ne5 24. Be2 b6 25. Rd5 Nd7 26. Ba6 Rc7 27. Kd2 Nxc5 28. Nxc5 bxc5 29. Kc3 Be6 30. Rd8+ Kg7
31. b3 Rc6 32. Bc4 Kf6 33. g3 Bf5 34. f4 Rc7 35. Bd5 Re7 36. Rd6+ Kg7 37. Bc4 Rc7 38. Rd5 Be6 39. Re5 Bc8 40. Bb5 Be6
41. Be2 Kf6 42. Bc4 Bc8 43. Bd5 Ba6 44. Bg2 Kg7 45. Be4 Kf6 46. Bd5 Bc8 47. Re8 Bd7 48. Re2 Bc8 49. Re1=
1/2-1/2

[Event "2016 Standard Chess Dropout Tournament, Round 1"]
[Site "SchemingMind.com"]
[Date "2015.11.11"]
[Round "1"]
[White "kenneth m day"]
[Black "Paul7926"]
[Result "1-0"]
[WhiteCountry "USA"]
[BlackCountry "ENG"]
[WhiteElo "1678"]
[WhiteRD "53"]
[BlackElo "1389"]
[BlackRD "70"]
[GameID "390064"]

1. e4 Nc6 2. Nf3 Nf6 3. e5 Nxe5 4. Nxe5 d6 5. Bb5+ c6 6. Nxc6 bxc6 7. Bxc6+ Bd7 8. O-O Bxc6 9. Nc3 g6 10. d4 Bg7
11. Bg5 Qa5 12. Re1 Qxg5 13. f3 Rb8 14. Qe2 Rb7 15. Rad1 Rxb2 16. Qxe7#
1-0

[Event "2016 Standard Chess Dropout Tournament, Round 1"]
[Site "SchemingMind.com"]
[Date "2015.11.10"]
[Round "1"]
[White "klapa"]
[Black "roscoe"]
[Result "1-0"]
[WhiteCountry "POL"]
[BlackCountry "USA"]
[WhiteElo "1418"]
[WhiteRD "69"]
[BlackElo "1353"]
[BlackRD "87"]
[GameID "390065"]

1. e4 d6 2. d4 h6 3. d5 e5 4. Nf3 Bg4 5. Be2 Nf6 6. Nfd2 a6 7. Bxg4 Nxg4 8. Qxg4 Qd7 9. Qg3 c6 10. c4 cxd5
11. cxd5 Qc7 12. O-O Nd7 13. Nf3 Nf6 14. Nc3 Nh5 15. Qh4 Nf4 16. Bxf4 exf4 17. Qxf4 Be7 18. Rac1 O-O 19. Ne2 Qb6 20. b3 a5
21. e5 dxe5 22. Nxe5 Bd6 23. Nd7
1-0

[Event "2016 Standard Chess Dropout Tournament, Round 1"]
[Site "SchemingMind.com"]
[Date "2015.11.10"]
[Round "1"]
[White "knightrider"]
[Black "pmdpsp"]
[Result "0-1"]
[WhiteCountry "USA"]
[BlackCountry "GER"]
[WhiteElo "1526"]
[WhiteRD "77"]
[BlackElo "1696"]
[BlackRD "85"]
[GameID "390066"]

1. e4 Nc6 2. d4 d5 3. Nc3 dxe4 4. d5 Ne5 5. Bf4 Ng6 6. Bg3 Nf6 7. Qe2 Bd7 8. h3 c6 9. Nxe4 Nxe4 10. Qxe4 cxd5
11. Qxd5 Qc8 12. O-O-O Qc6 13. Bc4 e6 14. Qxc6 Bxc6 15. f3 Be7 16. h4 O-O 17. Ne2 b5 18. Bd3 Bc5 19. Bxg6 hxg6 20. a3 Be3+
21. Kb1 a5 22. Nd4 Bxd4 23. Rxd4 Bd5 24. b3 Rfd8 25. Rd3 f5 26. Be5 Kf7 27. Rh3 Rh8 28. Rc3 Rac8 29. Rc7+ Rxc7 30. Bxc7 a4
31. b4 Rc8 32. Be5 Bc4 33. Rh1 Rd8 34. g3 Rd2 35. Kb2 Bb3 36. Rc1 Rf2 37. Kb1 Bd5 38. Rd1 Rxf3 39. c3 Rf2 40. c4 bxc4
41. Rc1 Re2 42. Bf4 e5 43. Bg5 Rf2 44. Rd1 Ke6 45. b5 Rf3 46. Kc1 Rxa3 47. b6 Rb3 48. Bd8 a3 49. Rd2 Rxg3 50. Bc7 Rb3
0-1

[Event "2016 Standard Chess Dropout Tournament, Round 1"]
[Site "SchemingMind.com"]
[Date "2015.11.10"]
[Round "1"]
[White "KristianO"]
[Black "Queen "]
[Result "0-1"]
[WhiteCountry "NOR"]
[BlackCountry "IND"]
[WhiteElo "1735"]
[WhiteRD "201"]
[BlackElo "2440"]
[BlackRD "111"]
[GameID "390067"]

1. d4 Nf6 2. c4 e6 3. Nc3 d5 4. cxd5 exd5 5. Bg5 c6 6. Qc2 h6 7. Bxf6 Qxf6 8. Nf3 Bf5 9. e4 dxe4 10. Nxe4 Bb4+
11. Kd1 Qe6 12. Bd3 O-O 13. Nf6+ Qxf6 14. Bxf5 Na6 15. a3 Ba5 16. b4 Bb6 17. Qd3 Rad8 18. Kc2 Bxd4 19. Nxd4 Rxd4 20. Qf3 g6
21. Bd3 Rf4 22. Qe3 c5 23. g3 Rf3 24. Qxh6 cxb4 25. Qd2 Rd8 26. Rae1 Qc6+ 27. Kb1 Rdxd3 28. Qc2 Rb3+ 29. Kc1 Rfc3 30. Re2 Qxh1+
31. Kd2 Rxc2+ 32. Kxc2 Qb1+ 33. Kd2 Rd3#
0-1

[Event "2016 Standard Chess Dropout Tournament, Round 1"]
[Site "SchemingMind.com"]
[Date "2015.11.10"]
[Round "1"]
[White "lawyertheologian"]
[Black "clare1347"]
[Result "0-1"]
[WhiteCountry "USA"]
[BlackCountry "ENG"]
[WhiteElo "2045"]
[WhiteRD "88"]
[BlackElo "2271"]
[BlackRD "82"]
[GameID "390068"]

1. e4 d5 2. exd5 Nf6 3. c4 e6 4. dxe6 Bxe6 5. Nf3 Qe7 6. Qe2 Nc6 7. d4 Bf5 8. Qxe7+ Bxe7 9. Be3 Nb4 10. Na3 O-O
11. Be2 Ng4 12. O-O Nxe3 13. fxe3 g6 14. Kh1 Rae8 15. Ne5 Bf6 16. Bg4 Bxe5 17. Bxf5 Bg7 18. Nc2 Nxc2 19. Bxc2 Rxe3 20. Rad1 Rd8
21. d5 Re2 22. Bb3 b6 23. Rde1 Rde8 24. Rd1 R8e7 25. d6 cxd6 26. Rxd6 Bxb2 27. g4 Ba3 28. Rdf6 Bc5 29. h4 Rd2 30. R6f3 Re4
31. Bd1 h5 32. Rg3 hxg4 33. Bxg4 Bd6
0-1

[Event "2016 Standard Chess Dropout Tournament, Round 1"]
[Site "SchemingMind.com"]
[Date "2015.11.11"]
[Round "1"]
[White "William Lindberg"]
[Black "Mike Winslow"]
[Result "1-0"]
[WhiteCountry "USA"]
[BlackCountry "USA"]
[WhiteElo "2310"]
[WhiteRD "68"]
[BlackElo "1914"]
[BlackRD "89"]
[GameID "390069"]

1. c4 e5 2. Nc3 Nc6 3. e3 f5 4. d4 e4 5. Nh3 Nf6 6. Be2 Bb4 7. O-O O-O 8. Bd2 d6 9. Nf4 Qe8 10. Ncd5 Nxd5
11. cxd5 Bxd2 12. dxc6 Ba5 13. cxb7 Rb8 14. bxc8=Q Qxc8 15. Qa4 Bb6 16. b4 Kh8 17. Rac1 g5 18. Ba6 Qe8 19. Qxe8 Rbxe8 20. Nd5 Rf7
21. a4
1-0

[Event "2016 Standard Chess Dropout Tournament, Round 1"]
[Site "SchemingMind.com"]
[Date "2015.11.13"]
[Round "1"]
[White "Simon Green"]
[Black "Jari Laine"]
[Result "0-1"]
[WhiteCountry "ENG"]
[BlackCountry "FIN"]
[WhiteElo "1639"]
[WhiteRD "60"]
[BlackElo "2277"]
[BlackRD "90"]
[GameID "390070"]

1. d4 d5 2. e3 c5 3. c3 Bf5 4. Bd3 Bxd3 5. Qxd3 e6 6. f4 Nf6 7. Nf3 Nc6 8. O-O Bd6 9. Nbd2 O-O 10. Ne5 Ne7
11. Ndf3 Qc7 12. Ng5 h6 13. Ngxf7 Rxf7 14. Nxf7 Kxf7 15. f5 Bxh2+ 16. Kh1 Nxf5 17. e4 dxe4 18. Qh3 Ng3+
0-1